Capitali mondiali più vicine a Doha - Statistics

Statistiche generali
  • Questo quiz è stato fatto 51 volte
  • Il punteggio medio è 13 su 20
Statistiche sulle risposte
km capitale % Corretto
1158 Teheran
96%
1131 Baghdad
89%
492 Riyād
87%
1748 Gerusalemme
84%
1818 Beirut
82%
302 Abu Dhabi
80%
575 Kuwait
78%
1734 Damasco
76%
1693 Amman
73%
722 Mascate
69%
1686 Baku
64%
1783 Erevan
64%
1989 Kabul
62%
140 Manama
62%
1930 Tbilisi
60%
1343 Sana'a
53%
1764 Gibuti
40%
2059 Nicosia
36%
1718 Asmara
31%
1549 Ashgabat
27%
Nessun quiz corrispondente trovato
Distribuzione punteggi
Percentuale di utenti per punteggio
Percentile per numero di risposta
I tuoi punteggi nel tempo
Non hai fatto questo quiz